000 00509cam a22002051 4500
001 he 68001456
003 DLC
005 20260227111458.0
008 861104s1964 is 000 0 ger
010 _ahe 68001456
025 _aPL480:Is-6517
035 _a(OCoLC)14631737
040 _aDLC
_cCLU
_dDLC
042 _apremarc
050 0 0 _aPT2668.E2
_bG4
100 1 _aHebel, Frieda.
245 1 0 _aGesang des Lebens;
_bGedichte.
260 _aTel Aviv,
_bSimson Verlag,
_c1964.
300 _a62 p.
_c28 cm.
999 _c33318
_d33318